Korszerűbb tanácsi munka pártértekezletek tapasztalatai /
Elmentve itt :
| Szerző: | |
|---|---|
| Dokumentumtípus: | Cikk |
| Megjelent: |
1985-02-20
|
| Sorozat: | Délmagyarország
75 No. 42 |
| Kulcsszavak: | Szögi Béla, Csongrád megye, Politikai élet párt pártbizottság titkára Csongrád megye |
| Online Access: | http://dmarchiv.bibl.u-szeged.hu/87993 |
| LEADER | 00563nab a2200157 i 4500 | ||
|---|---|---|---|
| 001 | delm87993 | ||
| 005 | 20190913101544.0 | ||
| 008 | 190913s1985 hu o 0|| hun d | ||
| 040 | |a SZTE Délmagyarország Archívum |b hun | ||
| 041 | |a hun | ||
| 100 | 1 | |a Halász Miklós | |
| 245 | 1 | 0 | |a Korszerűbb tanácsi munka |h [elektronikus dokumentum] : |b pártértekezletek tapasztalatai / |c Halász Miklós |
| 260 | |c 1985-02-20 | ||
| 300 | |a 3 | ||
| 490 | 0 | |a Délmagyarország |v 75 No. 42 | |
| 695 | |a Szögi Béla, Csongrád megye, Politikai élet párt pártbizottság titkára Csongrád megye | ||